000 00474nam a2200169 i 4500
001 99126
003 ES-MaACL
005 20230906182437.0
007 t|
008 050902s1935 fr ||||1| fre d
100 1 _aMartin, William.
_977378
245 1 3 _aIl faut comprendre la Chine /
_cWilliam Martin.
260 _aParis :
_b[s.n.],
_c1935 (
_fE. Aubin et Fils)
300 _aVIII, 270 p. ;
_c19 cm.
651 4 _aChina-
_xDescripción.
_98049
852 _aES-MaACL
_jA-3466
999 _c99126
_d99126